| 000 | 00436nam a22001577a 4500 | ||
|---|---|---|---|
| 005 | 20260225113045.0 | ||
| 008 | 260225b |||||||| |||| 00| 0 eng d | ||
| 020 | _a978-9966-65-459-5 | ||
| 050 | _aREF QA 5 .N528 2019 | ||
| 100 | _aNJURAI,EVELYN W. | ||
| 245 | _aDICTIONARY OF MATHEMATICS FOR SECONDARY SCHOOL | ||
| 250 | _a1ST EDITION | ||
| 260 |
_aNAIROBI _bKENYA LITERATURE BUREAU _c2019 |
||
| 300 | _aV,186P. | ||
| 942 |
_2lcc _cBK |
||
| 999 |
_c216651 _d216651 |
||